000 00528nam a22001697a 4500
005 20251108171117.0
008 250721s1987 xx 000 0 ara d
082 1 4 _a301.43/محم
100 1 _aعبد الحميد، محمد نبيل
245 1 0 _aالعلاقات الاسرية للمسنين وتوافقهم النفسي /
264 1 _aالقاهرة :
_bالدار الفنية للنشر،
_c1987.
300 _a382ص
650 1 7 _aالأسرة
650 1 7 _aالشيخوخة
942 _2ddc
_cBK
999 _c56885
_d56885